000 00709cam a22002413a 4500
001 10618
003 PGUSA
005 20140828083227.0
008 040101s2004||||xxu|||||s|||||000 | eng d
040 _aPGUSA
_beng
042 _adc
050 4 _aPZ
100 1 _aUnknown
245 1 0 _a"Jesus Says So" :
_bOr, a Memorial of Little Sarah G--
_h[electronic resource] /
_cUnknown
260 _bProject Gutenberg,
_c2004
506 _aPublic domain in the USA.
516 _aElectronic text
653 _aChildren and death -- Juvenile literature
653 _aChristian life -- Juvenile literature
830 0 _aProject Gutenberg
_v10618
856 4 0 _uhttp://www.gutenberg.org/ebooks/10618
942 _cEB
999 _c239873
_d239873